000
00282nam a22001337a 4500
008
190305b xxu||||| |||| 00| 0 eng d
020
_a
781571100849
041
_a
eng
080
_a
371
100
_a
46
101
_a
EDU
245
_a
Why Workshop?
_c
Bullock,R
942
_2
udc
_c
BK
999
_c
54455
_d
54455